Tri normatívne modely demokracie

Bibliographic Details
Main Authors: Habermas, Jürgen, 1929-2026 (Author), Hábová, Ľubica (Author)
Format: Article
Language:Slovak
ISSN:0046-385X
Subjects:

MARC

LEADER 00000nab a2200000 a 4500
001 vtls000716428
003 SK-MaSNL
005 20260411204408.0
008 250429c2000 xo 0 slo
015 |a SNBRB2000/03-07609 
035 |a CLN000068595 
035 |a urn:nbn:sk:snk-abjif 
035 |a (urnnbn)urn:nbn:sk:snk:ar-a040e3 
035 |a (uuid)b3c3c4bb-f969-448b-b4ab-586505f9c26e 
040 |a SNKBUCL  |b slo  |c SNKBUCL  |e AACR2 
041 0 |a slo 
044 |a xo  |c SK 
080 |a 301.152:321.7  |2 1997 
100 1 |a Habermas, Jürgen,  |d 1929-2026  |4 aut  |9 121744 
245 1 0 |a Tri normatívne modely demokracie  |c Jürgen Habermas ; preložila Ľubica Hábová 
504 |a Bibliogr. odkazy 
650 0 7 |a demokracia  |x modely normatívne  |2 snkbucl  |9 1423925 
655 7 |a články z novín a časopisov  |2 snkbucl  |9 267496 
700 1 |a Hábová, Ľubica  |4 aut  |9 9197 
773 0 |t Filozofia  |g Roč. 55, č. 1 (2000), s. 39-46  |x 0046-385X 
850 |a Slovenská národná knižnica 
852 |a Slovenská národná knižnica 
954 |a odborná, vedecká literatúra pôvodná (slovenská)  |2 lita 
958 |a article27 
958 |a OND 
958 |a SK 
958 |a EUIPO 
992 |a RBX 
999 |c 2879224  |d 2881154